000 00582nam a2200229 a 4500
001 BRCA_6131
005 20190320205338.0
008 040711s1830----fr-#######---#000-1#fre-#
041 _afre
044 _afr
050 4 _aPQ2165
_b.C36
_c1830
100 1 _aBalzac, Honore de
_d1799-1850
_915469
245 1 0 _aLe contrat de mariage. La grenadiere. Gobseck
260 _aParĂ­s
_bCalmann-Levy
_c1830
300 _a294 p.
_c19 cm.
500 _aI36
650 1 4 _aLiteratura Francesa.
_915470
740 0 _aLa grenadiere.
740 0 _aGobseck.
902 _aGFM
942 _2lcc
_cB
999 _c5818
_d5818